No logo : (Record no. 21946)

MARC details
000 -CABECERA
campo de control de longitud fija 01044nam a2200301 4500
003 - IDENTIFICADOR DEL NÚMERO DE CONTROL
campo de control OSt
005 - FECHA Y HORA DE LA ÚLTIMA TRANSACCIÓN
campo de control 20260601193853.0
008 - DATOS DE LONGITUD FIJA--INFORMACIÓN GENERAL
campo de control de longitud fija 260417b2001 -cn |||| |||| 00| 0 spa d
020 ## - NÚMERO INTERNACIONAL ESTÁNDAR DEL LIBRO
Número Internacional Estándar del Libro 8449312485
040 ## - FUENTE DE LA CATALOGACIÓN
Centro catalogador/agencia de origen ICI
Lengua de catalogación spa
Centro/agencia transcriptor ICI
041 ## - CÓDIGO DE LENGUA
Código de lengua del texto/banda sonora o título independiente spa
050 ## - SIGNATURA TOPOGRÁFICA DE LA BIBLIOTECA DEL CONGRESO
Número de clasificación HD2755.5
Número de documento/Ítem K5518
100 #1 - ENTRADA PRINCIPAL--NOMBRE DE PERSONA
Nombre de persona Naomi Klein
9 (RLIN) 32657
245 #1 - MENCIÓN DE TÍTULO
Título No logo :
Resto del título el poder de las marcas /
Mención de responsabilidad, etc. Naomi Klein ; traduccion de Alejandro Jockl
264 ## - PRODUCCIÓN, PUBLICACIÓN, DISTRIBUCIÓN, FABRICACIÓN Y COPYRIGHT
Nombre del de productor, editor, distribuidor, fabricante Paidos,
Fecha de producción, publicación, distribución, fabricación o copyright deposito legal 2001
Producción, publicación, distribución, fabricación y copyright Barcelona ;
-- México :
300 ## - DESCRIPCIÓN FÍSICA
Extensión 559 páginas
336 ## - TIPO DE CONTENIDO
Término de tipo de contenido texto
Fuente rdacontent
337 ## - TIPO DE MEDIO
Nombre/término del tipo de medio sin medio
Fuente rdamedia
338 ## - TIPO DE SOPORTE
Nombre/término del tipo de soporte volumen
Fuente rdacarrier
490 ## - MENCIÓN DE SERIE
Mención de serie Paidos contextos ;
Designación de volumen o secuencia 61
500 ## - NOTA GENERAL
Nota general Traducción de: No logo
650 ## - PUNTO DE ACCESO ADICIONAL DE MATERIA--TÉRMINO DE MATERIA
Fuente del encabezamiento o término Empresas internacionales
Subdivisión general Aspectos políticos
9 (RLIN) 32658
650 ## - PUNTO DE ACCESO ADICIONAL DE MATERIA--TÉRMINO DE MATERIA
Fuente del encabezamiento o término Empresas internacionales
Subdivisión general Opinion publica
9 (RLIN) 32659
650 ## - PUNTO DE ACCESO ADICIONAL DE MATERIA--TÉRMINO DE MATERIA
Fuente del encabezamiento o término Productos de marca
Subdivisión general Aspectos políticos
9 (RLIN) 32658
650 ## - PUNTO DE ACCESO ADICIONAL DE MATERIA--TÉRMINO DE MATERIA
Fuente del encabezamiento o término Productos de marca registrada
Subdivisión general Opinion publica
9 (RLIN) 32659
700 ## - PUNTO DE ACCESO ADICIONAL--NOMBRE DE PERSONA
Nombre de persona Jockl, Alejandro
Término indicativo de función/relación traductor
Forma completa/desarrollada del nombre (Jockl Rueda),
9 (RLIN) 32660
942 ## - ELEMENTOS DE PUNTO DE ACCESO ADICIONAL (KOHA)
Fuente del sistema de clasificación o colocación Library of Congress Classification
Tipo de ítem Koha Libros
Holdings
Estado de retiro Estado de pérdida Fuente del sistema de clasificación o colocación Estado dañado No para préstamo Localización permanente Ubicación/localización actual Fecha de adquisición Total de préstamos Signatura topográfica completa Código de barras Fecha visto por última vez Número de copia Precio válido a partir de Tipo de ítem Koha
El ejemplar forma parte de la colección y puede ser consultado según las políticas vigentes.   Library of Congress Classification     Biblioteca de Diseño Museo Franz Mayer Biblioteca de Diseño Museo Franz Mayer 18/04/2026   HD2755.5 K5518 BDIMFM000061 18/04/2026 Ej. 1 18/04/2026 Libros